Os Maias (Registo nº 955)
[ vista simples ]
| 000 -Etiqueta do registo | |
|---|---|
| Cabeçalho | 00703nam0a2200241 4500 |
| 005 - Identificador da versão | |
| Campo de controlo | 20240821122508.0 |
| 010 ## - Número internacional normalizado dos livros (ISBN) | |
| Número (ISBN) | 9789722034708 |
| 021 ## - Número do Depósito Legal | |
| Código do país | PT |
| Número | 283 274/08 |
| 100 ## - Dados gerais de processamento | |
| Dados gerais de processamento | 20160512d2008 a y0pory5003 ba |
| 101 0# - Língua de publicação | |
| Língua do texto, banda sonora, etc. | Português |
| 102 ## - Pais de publicação ou produção | |
| País de publicação | Portugal |
| 200 1# - Titulo e menção de responsabilidade | |
| Título próprio | Os Maias |
| Informação de outro título | uma análise ilustrada |
| Primeira menção de responsabilidade | António Gomes Dalmeida |
| Outras menções de responsabilidade | il. Zé Manel |
| 205 ## - Menção da edição | |
| Menção da edição | 1ª ed |
| 210 ## - Publicação, Distribuição, etc. | |
| Lugar da edição, distribuição, etc. | Alfragide |
| Nome do editor, distribuidor, etc. | Dom Quixote |
| Data da publicação, distribuição, etc. | 2008 |
| 215 ## - Descrição física | |
| Indicação específica da natureza do documento e extensão da espécie | 361 p. |
| Outras indicações físicas | il. color |
| 606 ## - Nome comum usado como assunto | |
| Número de registo de entrada de autoridade | 0002691 |
| Palavra de ordem | Literatura portuguesa |
| Subdivisão de assunto | Crítica literária |
| Código do sistema | CA |
| 675 ## - Classificação Decimal Universal (CDU) | |
| Notação | 821.134.3Queirós, Eça de.09 |
| Edição | 3ª ed. |
| Língua da edição | por |
| 700 #1 - Nome de autor-pessoa física (responsabilidade principal) | |
| Número de registo de entrada de autoridade | 0002912 |
| Palavra de ordem | Dalmeida |
| Outra parte do nome não tomada para palavra de ordem | António Gomes |
| 701 #1 - Nome de autor-pessoa física (co-responsabilidade principal) | |
| Palavra de ordem | Manel |
| Outra parte do nome não tomada para palavra de ordem | Zé |
| Código de função | Ilustrador / Técnico de desenho computorizado |
| 942 ## - Elementos de entrada adicionados (Koha) | |
| Tipo de item no Koha | Livro |
| 966 ## - Identificação da Biblioteca | |
| Sigla | EB2,3ENM |
| Situação do levantamento | Origin of item (home branch) (coded) | Biblioteca de empréstimo | Código de barras | Cota | Circulation type (not for loan) | Tipo de documento | Nota do exemplar | Damaged status |
|---|---|---|---|---|---|---|---|---|
| Biblioteca Escolar Eng. Nuno Mergulhão | Biblioteca Escolar Eng. Nuno Mergulhão | BENM1702 | 82LP QUE.09 DAL | Livro | Sem mensagem |
